APEC Schools

The Playboy of the Western World : (Record no. 3389)

000 -LEADER
fixed length control field 00613cam a22002053a 4500
005 - DATE AND TIME OF LATEST TRANSACTION
control field 20180515054710.0
008 - FIXED-LENGTH DATA ELEMENTS--GENERAL INFORMATION
fixed length control field 980301s1998||||xxu|||||s|||||000 | eng d
040 ## - CATALOGING SOURCE
Transcribing Agency APEC Schools Library
Description Conventions rda
041 ## - LANGUAGE CODE
Language code of text/sound track or separate title eng
100 1# - CREATOR
Preferred Name of the Person Synge, J. M.
Fuller Form of Name (John Millington),
Dates Associated with the Person 1871-1909
245 14 - TITLE AND STATEMENT OF RESPONSIBILITY
Preferred Title Proper The Playboy of the Western World :
Remainder of Title A Comedy in Three Acts /
Statement of Responsibility/Parallel Statement of Responsibility J. M. Synge
336 ## - RDA CONTENT
Source rdacontent
Content Type text
337 ## - RDA MEDIA
Source rdamedia
Media Type computer
338 ## - RDA CARRIER
Source rdacarrier
Carrier Type online resource
506 ## - RESTRICTIONS ON ACCESS NOTE
Restriction on Access Note Public domain in the USA.
516 ## - TYPE OF COMPUTER FILE OR DATA NOTE
Type of computer file or data note Text
653 ## - INDEX TERM--UNCONTROLLED
Uncontrolled term Ireland -- Drama
655 ## - GENRE
Genre/form data or focus term electronic books
856 40 - ELECTRONIC LOCATION AND ACCESS
Uniform Resource Identifier https://goo.gl/WahLXt
942 ## - ADDED ENTRY ELEMENTS (KOHA)
Source of Classification
Koha Item Type E-book/Online Resources
Holdings
Status Library Full Classification Number Uniform Resource Identifier Koha Item Type
Available Online APEC Chain of Schools Library APEC Chain https://goo.gl/WahLXt E-book/Online Resources

Powered by Koha